Zbytočné trápenia

Bibliographic Details
Main Author: Jégé, 1866-1940 (Author)
Format: Article
Language:Slovak
Subjects:

MARC

LEADER 00000nab a2200000uu 4500
001 vtls011519910
003 SK-MaSNL
005 20260304215301.0
008 230704|1931 xo |||||||||||||||||slo|
015 |a SNBRB 
035 |a (urnnbn)urn:nbn:sk:snk:ar-0020nv 
035 |a (uuid)bcf65aeb-78cd-4b38-8047-94e5773f3967 
035 |a urn:nbn:sk:snk-abe8ia 
040 |a SNKBUCL  |b slo  |c SNKBUCL  |e AACR2 
041 0 |a slo 
044 |a xo  |c SK 
100 0 |a Jégé,  |d 1866-1940  |4 aut  |9 100217 
245 1 0 |a Zbytočné trápenia  |c Jégé 
655 7 |a slovenské novely  |2 SNKPH  |9 70570 
773 0 |t Slovenské pohľady  |g Roč. 47, č. 12 (1931), s. 747-773 
850 |a Slovenská národná knižnica 
852 |a Slovenská národná knižnica 
910 |a snk 
954 |a beletria pôvodná (slovenská)  |2 lita 
958 |a ONDV 
958 |a article21 
999 |c 3145708  |d 3147638